[Event "FRA-ch Veterans"]
[Site "Belfort"]
[Date "2010.??.??"]
[Round "10"]
[White "Cousin, Philippe"]
[Black "Gibson, John"]
[Result "1-0"]
[WhiteElo "1957"]
[BlackElo "1871"]
[PlyCount "57"]
[EventDate "2010.08.10"]
[EventType "swiss"]
[EventRounds "11"]
[EventCountry "FRA"]
[SourceTitle "CBM 138 Extra"]
[Source "ChessBase"]
[SourceDate "2010.10.29"]
[SourceVersion "1"]
[SourceVersionDate "2010.10.29"]
[SourceQuality "1"]

1. d4 f5 2. Nf3 e6 3. c4 Nf6 4. Nc3 Be7 5. g3 0-0 6. Bg2 d6 7. 0-0 a5 8. Re1 Ne4 9. Nd2 Nxc3 10. bxc3 Nd7 11. e4 f4 12. Nf3 fxg3 13. fxg3 e5 14. Rf1 Bf6 15. Be3 Nb6 16. Nd2 Bd7 17. Rb1 Rb8 18. d5 Qe7 19. Qe2 Na4 20. Qd3 b6 21. Qc2 Bg5 22. Bf2 Rxf2 23. Kxf2 Nc5 24. Kg1 Ba4 25. Nb3 Be3+ 26. Kh1 Qg5 27. Qe2 Nxb3 28. axb3 Bd7 29. Qf3 1-0

[Event "FRA-ch Veterans"]
[Site "Pau"]
[Date "2008.08.20"]
[Round "8"]
[White "Maury, Claude"]
[Black "Cousin, Philippe"]
[Result "1/2-1/2"]
[WhiteElo "1892"]
[BlackElo "1971"]
[PlyCount "91"]
[EventDate "2008.08.11"]
[EventType "swiss"]
[EventRounds "9"]
[EventCountry "FRA"]
[SourceTitle "CBM 126 Extra"]
[Source "ChessBase"]
[SourceDate "2008.11.05"]
[SourceVersion "1"]
[SourceVersionDate "2008.11.05"]
[SourceQuality "1"]

1. d4 Nf6 2. Bf4 d5 3. e3 c6 4. c3 e6 5. Nf3 Bd6 6. Bg5 Nbd7 7. Nbd2 0-0 8. Bd3 Qc7 9. Qe2 e5 10. dxe5 Bxe5 11. Nxe5 Qxe5 12. Nf3 Qc7 13. Bf4 Qa5 14. Ne5 Re8 15. Nxd7 Bxd7 16. 0-0 h6 17. Qc2 c5 18. c4 Bc6 19. Rac1 b6 20. a3 dxc4 21. Qxc4 Be4 22. Rfd1 Rac8 23. Be2 Bf5 24. f3 Nh5 25. Bd6 Rxe3 26. g4 Rce8 27. Bf1 Be6 28. Qc2 Nf6 29. Qf2 Bb3 30. Bf4 R3e6 31. Rd3 c4 32. Rd4 b5 33. Bd2 Qb6 34. Bc3 Qc6 35. Re1 Rxe1 36. Bxe1 Qe6 37. Bd2 Qe5 38. Kg2 Qc5 39. Bb4 Qe5 40. Bd2 Qc5 41. Bb4 Qb6 42. Rd6 Qxf2+ 43. Kxf2 Re6 44. Rd8+ Re8 45. Rd6 Kh7 46. Bc5 1/2-1/2

[Event "FRA-ch Veterans"]
[Site "Pau"]
[Date "2008.08.15"]
[Round "4"]
[White "Cousin, Philippe"]
[Black "Vernadet, Bernard"]
[Result "1-0"]
[WhiteElo "1971"]
[BlackElo "1814"]
[PlyCount "71"]
[EventDate "2008.08.11"]
[EventType "swiss"]
[EventRounds "9"]
[EventCountry "FRA"]
[SourceTitle "CBM 126 Extra"]
[Source "ChessBase"]
[SourceDate "2008.11.05"]
[SourceVersion "1"]
[SourceVersionDate "2008.11.05"]
[SourceQuality "1"]

1. d4 d5 2. Nf3 Nf6 3. c4 c6 4. Nc3 g6 5. Bf4 Bg7 6. e3 Nbd7 7. Bd3 Nh5 8. Bg3 0-0 9. cxd5 c5 10. Be2 cxd4 11. Nxd4 Nhf6 12. e4 a6 13. 0-0 Nb6 14. Rc1 Bd7 15. Bf3 Rc8 16. e5 Nh5 17. Bxh5 gxh5 18. Qxh5 Be8 19. Qf3 Nc4 20. Qe2 b5 21. Nf5 f6 22. Nxg7 Kxg7 23. exf6+ exf6 24. b3 Bg6 25. bxc4 bxc4 26. Qg4 Kh8 27. d6 f5 28. Qd4+ Kg8 29. Bh4 Qd7 30. Rfe1 Rce8 31. Be7 Rf7 32. Qxc4 Rexe7 33. dxe7 Qe8 34. Nd5 Kg7 35. Qd4+ Kh6 36. Re3 1-0

[Event "FRA-ch Seniors"]
[Site "Aix les Bains"]
[Date "2007.08.24"]
[Round "10"]
[White "Cousin, Philippe"]
[Black "Danzanvilliers, Patrice"]
[Result "0-1"]
[WhiteElo "2004"]
[BlackElo "1858"]
[PlyCount "96"]
[EventDate "2007.08.13"]
[EventType "swiss"]
[EventRounds "11"]
[EventCountry "FRA"]
[SourceTitle "CBM 120 Extra"]
[Source "ChessBase"]
[SourceDate "2007.11.01"]
[SourceVersion "1"]
[SourceVersionDate "2007.11.01"]
[SourceQuality "1"]

1. d4 Nf6 2. Nf3 b5 3. g3 Bb7 4. Bg2 g6 5. 0-0 Bg7 6. c3 0-0 7. Re1 d6 8. Nbd2 Nbd7 9. e4 e5 10. Qc2 Qe7 11. dxe5 dxe5 12. h3 Nb6 13. Nb3 a5 14. Bg5 Nc4 15. Rad1 Rfd8 16. Nh2 a4 17. Nd2 Nxd2 18. Rxd2 h6 19. Bxf6 Bxf6 20. Red1 Bg5 21. Rxd8+ Rxd8 22. h4 Bf6 23. Ng4 Bg7 24. Ne3 c6 25. Rd3 Bf8 26. Qd1 Rxd3 27. Qxd3 Qd6 28. Qe2 Qc5 29. h5 Bc8 30. Qf3 Qd6 31. Kh2 Bg7 32. a3 Qd2 33. hxg6 fxg6 34. Qd1 Qxf2 35. Qd8+ Qf8 36. Qc7 Qe8 37. c4 Qd7 38. Qxd7 Bxd7 39. cxb5 cxb5 40. Nd5 Kf7 41. Bf1 Bf8 42. Kg2 Bc5 43. Kf3 Bd4 44. Nc7 Bxb2 45. Bxb5 Bxb5 46. Nxb5 Ke7 47. Nc7 Kd6 48. Nd5 Kc5 0-1

[Event "FRA-ch Seniors"]
[Site "Aix les Bains"]
[Date "2007.08.23"]
[Round "9"]
[White "Hirschmann, Georges"]
[Black "Cousin, Philippe"]
[Result "1/2-1/2"]
[WhiteElo "1942"]
[BlackElo "2004"]
[PlyCount "92"]
[EventDate "2007.08.13"]
[EventType "swiss"]
[EventRounds "11"]
[EventCountry "FRA"]
[SourceTitle "CBM 120 Extra"]
[Source "ChessBase"]
[SourceDate "2007.11.01"]
[SourceVersion "1"]
[SourceVersionDate "2007.11.01"]
[SourceQuality "1"]

1. Nf3 d5 2. d4 c5 3. g3 Nc6 4. Bg2 Nf6 5. 0-0 e6 6. Bg5 h6 7. Be3 cxd4 8. Nxd4 e5 9. Nxc6 bxc6 10. c4 Bb7 11. Qa4 Qd7 12. Rd1 d4 13. f4 Ng4 14. Bc1 Bd6 15. h3 Nf6 16. e3 0-0 17. c5 Bc7 18. exd4 Rfd8 19. Nc3 exd4 20. Be3 d3 21. Rd2 a5 22. Rad1 Qe6 23. Bf2 Rab8 24. Rxd3 Rxd3 25. Rxd3 Ba6 26. Rd2 Bb5 27. Nxb5 Rxb5 28. b3 h5 29. Rd4 Kh7 30. Qc4 Qe8 31. Qc2+ g6 32. Bf1 Rb8 33. Qd2 Qe7 34. Qc2 Re8 35. Qc1 Ne4 36. Rd3 Nxf2 37. Kxf2 Qe6 38. Re3 Qd7 39. Rxe8 Qxe8 40. Qe3 Qd7 41. Bg2 f5 42. Ke2 Bd8 43. a3 Bf6 44. Qd3 Qe6+ 45. Qe3 Qd7 46. Qd3 Qe7+ 1/2-1/2

[Event "FRA-ch Accession"]
[Site "Besancon"]
[Date "2006.08.18"]
[Round "4"]
[White "Siino, Christian"]
[Black "Cousin, Philippe"]
[Result "0-1"]
[WhiteElo "1930"]
[BlackElo "2019"]
[PlyCount "100"]
[EventDate "2006.08.15"]
[EventType "swiss"]
[EventRounds "10"]
[EventCountry "FRA"]
[SourceTitle "CBM 113 Extra"]
[Source "ChessBase"]
[SourceDate "2006.09.14"]
[SourceVersion "1"]
[SourceVersionDate "2006.09.14"]
[SourceQuality "1"]

1. b4 e5 2. Bb2 d6 3. c4 Nf6 4. Nc3 Be6 5. e3 Nbd7 6. Nf3 h6 7. a4 Be7 8. Be2 0-0 9. Rc1 a5 10. b5 Nb6 11. Qb3 Re8 12. 0-0 c5 13. d3 Qc7 14. e4 Bd7 15. Rce1 Nh7 16. Nd2 Bg5 17. Bc1 Rf8 18. Qd1 Qc8 19. Nb3 Bh4 20. g3 Bf6 21. Bf3 Bh3 22. Bg2 Bxg2 23. Kxg2 Kh8 24. Qh5 g6 25. Qxh6 Bg7 26. Qh3 Qd8 27. Bh6 Kg8 28. f4 exf4 29. Bxg7 Kxg7 30. Rxf4 Ng5 31. Qg4 Nd7 32. h4 Ne5 33. Qe2 Ne6 34. Rff1 Rh8 35. Rh1 g5 36. h5 g4 37. Nd5 Qg5 38. Ref1 Nf3 39. Rxf3 gxf3+ 40. Qxf3 Qe5 41. Rh4 Ng5 42. Qf2 Rh6 43. Ne3 Rf6 44. Nf5+ Kh7 45. Qd2 Rg8 46. g4 b6 47. Nc1 Nxe4 48. dxe4 Qxe4+ 49. Kh3 Rxf5 50. gxf5 Qf3+ 0-1

[Event "FRA-ch Veterans"]
[Site "Aix les Bains"]
[Date "2003.08.26"]
[Round "7"]
[White "Papet, Bernard"]
[Black "Cousin, Philippe"]
[Result "0-1"]
[WhiteElo "1780"]
[BlackElo "2121"]
[PlyCount "94"]
[EventDate "2003.08.19"]
[EventType "swiss"]
[EventRounds "9"]
[EventCountry "FRA"]
[SourceTitle "EXT 2004"]
[Source "ChessBase"]
[SourceDate "2003.11.25"]
[SourceVersion "1"]
[SourceVersionDate "2003.11.25"]
[SourceQuality "1"]

1. e4 c6 2. d4 d5 3. exd5 cxd5 4. Bd3 Nc6 5. c3 Nf6 6. Bf4 Bg4 7. Qb3 Qd7 8. Nd2 e6 9. Ngf3 Be7 10. Ne5 Qc8 11. h3 Bh5 12. g4 Bg6 13. Nxg6 hxg6 14. Ke2 Nd7 15. Nf3 a6 16. Rac1 b5 17. a3 Na5 18. Qc2 Nc4 19. Bg5 Qd8 20. Bxe7 Qxe7 21. g5 0-0 22. h4 e5 23. dxe5 Ndxe5 24. Nxe5 Nxe5 25. Kf1 Rac8 26. Re1 Qd6 27. Rh3 d4 28. Qe2 Qd7 29. Rg3 Rfe8 30. Be4 dxc3 31. bxc3 Nc4 32. Rd1 Qe7 33. Bd3 Qxa3 34. Qc2 Qc5 35. Qc1 Qc6 36. Rh3 Qe6 37. Rg3 Qc6 38. Kg1 Ne5 39. Be2 Qe4 40. f4 Qxe2 41. fxe5 Qxe5 42. Rdd3 Rc4 43. Rde3 Re4 44. Kf2 Rxe3 45. Qxe3 Qxe3+ 46. Rxe3 Rxe3 47. Kxe3 f5 0-1

[Event "Paris Apsap op 56th"]
[Site "Paris"]
[Date "2002.10.26"]
[Round "1"]
[White "Bianchi, Guillaume"]
[Black "Cousin, Philippe"]
[Result "1-0"]
[WhiteElo "2218"]
[BlackElo "2138"]
[PlyCount "87"]
[EventDate "2002.11.05"]
[EventType "swiss"]
[EventRounds "9"]
[EventCountry "FRA"]
[SourceTitle "CBM 091 Extra"]
[Source "ChessBase"]
[SourceDate "2003.01.09"]
[SourceVersion "1"]
[SourceVersionDate "2003.01.09"]
[SourceQuality "1"]

1. d4 d6 2. c4 e5 3. Nf3 e4 4. Nfd2 f5 5. Nc3 Nf6 6. e3 Be7 7. Be2 0-0 8. 0-0 c6 9. a3 Be6 10. b4 d5 11. Bb2 dxc4 12. Nxc4 Nd5 13. Rc1 Nxc3 14. Bxc3 Bd5 15. a4 f4 16. exf4 Rxf4 17. Ne3 Bg5 18. Bd2 Rf8 19. Nc4 Bf6 20. Be3 Na6 21. Qd2 Be7 22. Rb1 Qe8 23. Rfc1 Qg6 24. Ne5 Qd6 25. b5 Nb4 26. Rc5 b6 27. Rcc1 c5 28. Nc4 Qf6 29. dxc5 Nd3 30. Bxd3 exd3 31. Qxd3 Rad8 32. Qf1 Qh4 33. cxb6 axb6 34. Nxb6 Be4 35. Rb3 Bd6 36. f4 Bxf4 37. Bxf4 Rxf4 38. Qe1 Qf6 39. a5 Rg4 40. Rg3 Rxg3 41. Qxg3 Qb2 42. Rf1 Qxb5 43. Qc7 Qg5 44. Qf7+ 1-0

[Event "FRA-ch Veterans"]
[Site "Val d'Isere"]
[Date "2002.08.24"]
[Round "4.4"]
[White "Mercier, Pierre"]
[Black "Cousin, Philippe"]
[Result "0-1"]
[WhiteElo "1790"]
[BlackElo "2138"]
[PlyCount "70"]
[EventDate "2002.08.20"]
[EventType "swiss"]
[EventRounds "11"]
[EventCountry "FRA"]
[SourceTitle "EXT 2003"]
[Source "ChessBase"]
[SourceDate "2002.11.25"]
[SourceVersion "1"]
[SourceVersionDate "2002.11.25"]
[SourceQuality "1"]

1. d4 Nf6 2. c4 c5 3. d5 e6 4. Nc3 exd5 5. cxd5 d6 6. e4 g6 7. Nf3 Bg7 8. Qa4+ Bd7 9. Qb3 a6 10. Qxb7 0-0 11. Bd3 Bc8 12. Qb3 Nbd7 13. 0-0 Rb8 14. Qc2 Qc7 15. Qe2 Re8 16. Nd2 Nb6 17. Bxa6 Nbxd5 18. Nxd5 Nxd5 19. Bxc8 Rbxc8 20. Qc4 Nb6 21. Qc2 Qc6 22. f3 Bd4+ 23. Kh1 c4 24. Rb1 Qb5 25. Rd1 Qh5 26. Nf1 Bc5 27. Ne3 d5 28. Nxd5 Nxd5 29. Rxd5 Qxd5 30. Bd2 Qh5 31. Bc3 Bd6 32. g4 Qh3 33. Qe2 Be5 34. Rc1 Bxc3 35. Rxc3 Red8 0-1

[Event "FRA-ch Veterans"]
[Site "Val d'Isere"]
[Date "2002.08.??"]
[Round "1.5"]
[White "Cousin, Philippe"]
[Black "Genete, Guy"]
[Result "1-0"]
[WhiteElo "2138"]
[BlackElo "1750"]
[PlyCount "103"]
[EventDate "2002.08.20"]
[EventType "swiss"]
[EventRounds "11"]
[EventCountry "FRA"]
[SourceTitle "EXT 2003"]
[Source "ChessBase"]
[SourceDate "2002.11.25"]
[SourceVersion "1"]
[SourceVersionDate "2002.11.25"]
[SourceQuality "1"]

1. d4 d5 2. Nf3 Nf6 3. c4 e6 4. Nc3 Be7 5. g3 c6 6. Bg2 0-0 7. 0-0 Nbd7 8. b3 Re8 9. Re1 Bb4 10. Bd2 Qc7 11. a3 Bd6 12. c5 Bf8 13. b4 e5 14. dxe5 Nxe5 15. Nxe5 Qxe5 16. Rc1 Bf5 17. Be3 Rad8 18. Bd4 Qe6 19. f3 Qd7 20. Qd2 h6 21. Rcd1 Bh3 22. Qf4 Bxg2 23. Kxg2 Re6 24. e4 Qe7 25. e5 Nd7 26. Qe3 f6 27. f4 fxe5 28. fxe5 Re8 29. Re2 Nxe5 30. Rde1 g5 31. Qc1 Nd3 32. Rxe6 Nxc1 33. Rxe7 Rxe7 34. Rxc1 Bg7 35. Bxg7 Kxg7 36. Kf3 Kf6 37. g4 d4 38. Ne4+ Ke5 39. Nd6 Kd5 40. Nf5 Re6 41. Rd1 Re4 42. Nxh6 Re3+ 43. Kf2 Rh3 44. Nf5 Rxh2+ 45. Kg3 Ra2 46. Rxd4+ Ke5 47. Rd3 Ra1 48. Re3+ Kd5 49. Nd6 Kd4 50. Rf3 Rg1+ 51. Kh3 Rh1+ 52. Kg2 1-0

[Event "FRA-ch Veterans"]
[Site "Val d'Isere"]
[Date "2002.08.??"]
[Round "10.3"]
[White "Cousin, Philippe"]
[Black "Hoyer, Hans Gerd"]
[Result "0-1"]
[WhiteElo "2138"]
[BlackElo "2153"]
[PlyCount "70"]
[EventDate "2002.08.20"]
[EventType "swiss"]
[EventRounds "11"]
[EventCountry "FRA"]
[SourceTitle "EXT 2003"]
[Source "ChessBase"]
[SourceDate "2002.11.25"]
[SourceVersion "1"]
[SourceVersionDate "2002.11.25"]
[SourceQuality "1"]

1. d4 g6 2. Nf3 Bg7 3. c4 d6 4. Nc3 Bg4 5. e4 Nc6 6. Be3 e5 7. d5 Nd4 8. Be2 Bxf3 9. Bxf3 c5 10. dxc6 bxc6 11. 0-0 Ne7 12. b4 0-0 13. c5 d5 14. exd5 Nxf3+ 15. Qxf3 cxd5 16. Nb5 e4 17. Qd1 Bxa1 18. Qxa1 Nf5 19. Bf4 g5 20. Bc7 Qe7 21. g4 Nh4 22. Bd6 Qd7 23. h3 Nf3+ 24. Kg2 Qxb5 25. Qf6 Rfe8 26. Rd1 Re6 27. Qb2 Rxd6 28. cxd6 Qc6 29. Qf6 Re8 30. a4 a6 31. Rb1 Qd7 32. Rc1 Qd8 33. Qxd8 Rxd8 34. Rc6 d4 35. Kf1 d3 0-1